Statistiques concernant Pays sans riviéres

Cliquez ici pour prendre le quiz!

Statistiques générales

  • Ce quiz a été pris 85 fois
  • Le résultat moyen est 11 sur 18

Statistiques - réponses

Pays sans riviéres % Correct
Vatican
85%
Monaco
78%
Qatar
71%
Nauru
65%
Émirats arabes unis
65%
Bahreïn
65%
Yemen
64%
Oman
63%
Tuvalu
63%
Arabie saoudite
61%
Tonga
58%
Koweït
58%
Maldives
57%
Kiribati
53%
Marshall
51%
Comores
40%
Malte
38%
Bahamas
33%

Distribution des résultats

Percentile by Number Answered

% des personnes avec chaque résultat

Votre développement - résultats

Vous n’avez pas pris ce quiz